Handbook of synagogue architecture / (Record no. 352615)

000 -LEADER
fixed length control field 00801 a2200241 4500
003 - CONTROL NUMBER IDENTIFIER
control field OSt
005 - DATE AND TIME OF LATEST TRANSACTION
control field 20180116192340.0
008 - FIXED-LENGTH DATA ELEMENTS--GENERAL INFORMATION
fixed length control field 120524t xxu||||| |||| 00| 0 eng d
010 ## - LIBRARY OF CONGRESS CONTROL NUMBER
LC control number 81009419
020 ## - INTERNATIONAL STANDARD BOOK NUMBER
International Standard Book Number 0891305246 (pbk.)
040 ## - CATALOGING SOURCE
Transcribing agency 0
082 00 - DEWEY DECIMAL CLASSIFICATION NUMBER
Classification number 726.30933
100 1# - MAIN ENTRY--PERSONAL NAME
Personal name Chiat, Marilyn Joyce Segal.
9 (RLIN) 2071
245 10 - TITLE STATEMENT
Title Handbook of synagogue architecture /
Statement of responsibility, etc. by Marilyn Joyce Segal Chiat.
260 ## - PUBLICATION, DISTRIBUTION, ETC.
Place of publication, distribution, etc. Chico, Calif :
Name of publisher, distributor, etc. Scholars Press,
Date of publication, distribution, etc. c1982.
300 ## - PHYSICAL DESCRIPTION
Extent xii, 404 p. :
Other physical details ill. ;
Dimensions 23 cm.
440 #0 - SERIES STATEMENT/ADDED ENTRY--TITLE
Title Brown Judaic studies ;
Volume/sequential designation no. 29
9 (RLIN) 2072
500 ## - GENERAL NOTE
General note Includes index .
650 #0 - SUBJECT ADDED ENTRY--TOPICAL TERM
Topical term or geographic name entry element Synagogue architecture
Geographic subdivision Palestine.
9 (RLIN) 2073
651 #0 - SUBJECT ADDED ENTRY--GEOGRAPHIC NAME
Geographic name Palestine
General subdivision Antiquities.
9 (RLIN) 2074
942 ## - ADDED ENTRY ELEMENTS (KOHA)
Institution code [OBSOLETE] SADA
Koha item type Book
Call number prefix 726.30933 CHI 1982
Source of classification or shelving scheme
Holdings
Withdrawn status Lost status Source of classification or shelving scheme Damaged status Not for loan Permanent Location Current Location Date acquired Total Checkouts Full call number Barcode Date last seen Price effective from Koha item type
          School of Art Design and Architecture (SADA) School of Art Design and Architecture (SADA) 02/11/2011   726.30933 CHI 1982 SADA0000613 08/05/2011 08/05/2011 Book
© 2023 Central Library, National University of Sciences and Technology. All Rights Reserved.